PHP6 and MYSQL (Record no. 34704)
[ view plain ]
| 000 -LEADER | |
|---|---|
| fixed length control field | 00308nam a2200157Ia 4500 |
| 082 ## - DEWEY DECIMAL CLASSIFICATION NUMBER | |
| Classification number | 5.133 |
| Item number | SUE |
| 100 ## - MAIN ENTRY--PERSONAL NAME | |
| Personal name | Suehring/Steve/ converse/Tino |
| 245 ## - TITLE STATEMENT | |
| Title | PHP6 and MYSQL |
| 260 ## - PUBLICATION, DISTRIBUTION, ETC. | |
| Name of publisher, distributor, etc. | Wiley |
| Date of publication, distribution, etc. | 2009 |
| 366 ## - TRADE AVAILABILITY INFORMATION | |
| Publishers's discount category | 20 |
| 300 ## - PHYSICAL DESCRIPTION | |
| Extent | 873 |
| 546 ## - LANGUAGE NOTE | |
| Language note | ENGLISH |
| 650 ## - SUBJECT ADDED ENTRY--TOPICAL TERM | |
| Topical term or geographic name entry element | PHP |
| 942 ## - ADDED ENTRY ELEMENTS (KOHA) | |
| Koha item type | BOOK |
| Withdrawn status | Lost status | Damaged status | Not for loan | Collection | Home library | Current library | Date acquired | Source of acquisition | Cost, normal purchase price | Inventory number | Total Checkouts | Full call number | Barcode | Date last seen | Cost, replacement price | Price effective from | Koha item type | Date due | Date last checked out |
|---|---|---|---|---|---|---|---|---|---|---|---|---|---|---|---|---|---|---|---|
| CRC | Fr. Agnel's C.Rodrigues College of Engineering | Fr. Agnel's C.Rodrigues College of Engineering | 17/03/2023 | Allied Publisher | 599.20 | 332 dt 02.07.2018 | 5.133 SUE | 25291 | 17/03/2023 | 749.00 | BOOK | ||||||||
| CRC | Fr. Agnel's C.Rodrigues College of Engineering | Fr. Agnel's C.Rodrigues- College of Engineering | 17/03/2023 | Allied Publisher | 599.20 | 332 dt 02.07.2018 | 1 | 5.133 SUE | 25292 | 12/06/2023 | 749.00 | BOOK | 17/02/2021 | 12/06/2023 |